Normal view MARC view

Entry Meeting Name

Number of records used in: 2

001 - CONTROL NUMBER

  • control field: 9805

003 - CONTROL NUMBER IDENTIFIER

  • control field: OSt

005 - DATE AND TIME OF LATEST TRANSACTION

  • control field: 20211105133201.0

008 - FIXED-LENGTH DATA ELEMENTS

  • fixed length control field: 211105|| aca||aabn | a|a d

040 ## - CATALOGING SOURCE

  • Original cataloging agency: OSt
  • Transcribing agency: OSt

111 ## - HEADING--MEETING NAME

  • Number of part/section/meeting: 29th
  • Location of meeting: Budapest, Hungary
  • Date of meeting or treaty signing: 1975 Sep. 1-5

670 ## - SOURCE DATA FOUND

  • Source citation: Work cat.: (OSt): 29th Budapest, Hungary 1975 Sep. 1-5, Multiple Periodic Variable Stars, 1976

Powered by Koha